Animal History in the Modern City : Exploring Liminality (Record no. 89511)

MARC details
000 -LEADER
fixed length control field 01341nam a2200217Ia 4500
000 - LEADER
fixed length control field 01745naaa 00289uu
001 - CONTROL NUMBER
control field https://directory.doabooks.org/handle/20.500.12854/25915
005 - DATE AND TIME OF LATEST TRANSACTION
control field 20260218105520.0
008 - FIXED-LENGTH DATA ELEMENTS--GENERAL INFORMATION
fixed length control field 211013s9999 xx 000 0 und d
042 ## - AUTHENTICATION CODE
Authentication code dc
100 1# - MAIN ENTRY--PERSONAL NAME
Personal name Wischermann, Clemens
245 #0 - TITLE STATEMENT
Title Animal History in the Modern City : Exploring Liminality
260 ## - PUBLICATION, DISTRIBUTION, ETC.
Name of publisher, distributor, etc. Bloomsbury Academic
Date of publication, distribution, etc. 2018
520 ## - SUMMARY, ETC.
Summary, etc. Assembling an impressive cast of contributors, this volume employs liminality as a lens through which to study the social and cultural history of animals in the modern city. It includes a variety of case studies, such as the horse-human relationship in the towns of New Spain, hunting practices in 17th-century France, the birth of the zoo in Germany and the role of the stray dog in the Victorian city, demonstrating the interrelated nature of animal and human histories. This is a vital resource for scholars and students interested in animal studies, urban history and historical geography.
540 ## - TERMS GOVERNING USE AND REPRODUCTION NOTE
Terms governing use and reproduction Creative Commons
653 ## - INDEX TERM--UNCONTROLLED
Uncontrolled term History
700 1# - ADDED ENTRY--PERSONAL NAME
Personal name Steinbrecher, Aline
856 ## - ELECTRONIC LOCATION AND ACCESS
Uniform Resource Identifier <a href="https://docs.google.com/spreadsheets/d/1yKIrdCPDAG_9c22mwoOIO2DOhtj65Wqa/edit?usp=sharing&ouid=106555315294820607512&rtpof=true&sd=true ">https://docs.google.com/spreadsheets/d/1yKIrdCPDAG_9c22mwoOIO2DOhtj65Wqa/edit?usp=sharing&ouid=106555315294820607512&rtpof=true&sd=true </a>
Link text List of Curated E-Books
942 ## - ADDED ENTRY ELEMENTS (KOHA)
Koha item type E-Book

No items available.

University of Rizal System
Email us at univlibservices@urs.edu.ph

Visit our Website www.urs.edu.ph/library